Municipios actuales del Reino de Valencia en un mapa - Estadísticas

Estadísticas generales
  • Esta prueba ha sido intentada 9 veces
  • La puntuación promedio es 211 de 533
Respuestas en el mapa
Las respuestas están codificadas por una escala verde-roja en el mapa de la prueba según el % correcto abajo.
 
Estadísticas de respuestas
Respuesta % Correcto
Benicàssim
100%
Castell de Cabres
100%
Castell de Castells
100%
Castillo de Villamalefa
100%
el Castell de Guadalest
100%
Alacant
86%
Altea
86%
Alzira
86%
Benidorm
86%
Buñol
86%
Castelló
86%
Chiva
86%
Cullera
86%
Elche
86%
Fuente la Reina
86%
la Font de la Figuera
86%
la Font d'en Carròs
86%
la Torre d'en Besora
86%
la Torre d'en Doménec
86%
Manises
86%
Morella
86%
Oliva
86%
Orihuela
86%
Silla
86%
Sueca
86%
Torremanzanas
86%
València
86%
Alcoy
71%
Aldaia
71%
Alfafar
71%
Calp
71%
Castelló de Rugat
71%
Castellón de la Plana
71%
Cheste
71%
Gandia
71%
l'Alcúdia
71%
l'Alcúdia de Crespins
71%
la Pobla de Benifassà
71%
la Pobla de Farnals
71%
la Pobla del Duc
71%
la Pobla de Vallbona
71%
la Pobla Llarga
71%
la Pobla Tornesa
71%
la Vall d'Alcalà
71%
la Vall d'Ebo
71%
la Vall de Gallinera
71%
la Vall de Laguar
71%
la Vall d'Uixó
71%
Llíria
71%
Montcada
71%
Paterna
71%
Puebla de Arenoso
71%
Puebla de San Miguel
71%
Riba-roja de Túria
71%
Sagunt
71%
Torrent
71%
Vall d'Alba
71%
Vall de Almonacid
71%
Vilanova d'Alcolea
71%
Villanueva de Viver
71%
Xàbia
71%
Xàtiva
71%
Xirivella
71%
Ademuz
57%
Alaquàs
57%
Albal
57%
Albalat de la Ribera
57%
Albalat dels Sorells
57%
Albalat dels Tarongers
57%
Alboraia
57%
Alcàsser
57%
Alfara de la Baronia
57%
Alfara del Patriarca
57%
Ayora
57%
Benagéber
57%
Benetússer
57%
Benifaió
57%
Beniparrell
57%
Bétera
57%
Burjassot
57%
Burriana
57%
Canet d'En Berenguer
57%
Canet lo Roig
57%
Catarroja
57%
Caudete
57%
Cofrentes
57%
Dénia
57%
el Campello
57%
Elda
57%
el Puig de Santa Maria
57%
la Vila Joiosa
57%
Loriguilla
57%
Massanassa
57%
Mislata
57%
Montserrat
57%
Mutxamel
57%
Navarrés
57%
Novelda
57%
Nules
57%
Onda
57%
Paiporta
57%
Pego
57%
Quart de Poblet
57%
San Antonio de Benagéber
57%
Santa Pola
57%
San Vicente del Raspeig
57%
Segorbe
57%
Siete Aguas
57%
Tavernes Blanques
57%
Tavernes de la Valldigna
57%
Torrevieja
57%
Vilar de Canes
57%
Vila-real
57%
Villar del Arzobispo
57%
Vinaròs
57%
Xeraco
57%
Agost
43%
Aielo de Malferit
43%
Aielo de Rugat
43%
Albaida
43%
Albatera
43%
Alberic
43%
Alcalà de Xivert
43%
Alfarrasí
43%
Algemesí
43%
Algímia d'Alfara
43%
Algimia de Almonacid
43%
Alginet
43%
Almàssera
43%
Almassora
43%
Almenara
43%
Almussafes
43%
Altura
43%
Andilla
43%
Barracas
43%
Benaguasil
43%
Benicarló
43%
Benissa
43%
Benissanó
43%
Benitachell
43%
Betxí
43%
Cabanes
43%
Canals
43%
Carcaixent
43%
Càrcer
43%
Casas Altas
43%
Casas Bajas
43%
Casinos
43%
Castalla
43%
Caudiel
43%
Chelva
43%
Chulilla
43%
Cinctorres
43%
Corbera
43%
Crevillent
43%
Domeño
43%
Dos Aguas
43%
El Toro
43%
Enguera
43%
Estivella
43%
Foios
43%
Forcall
43%
Gilet
43%
Godella
43%
Ibi
43%
la Llosa
43%
l'Alqueria d'Asnar
43%
l'Alqueria de la Comtessa
43%
la Mata de Morella
43%
la Nucia
43%
l'Eliana
43%
l'Énova
43%
Llocnou de la Corona
43%
Llocnou d'En Fenollet
43%
Llocnou de Sant Jeroni
43%
Manuel
43%
Massamagrell
43%
Meliana
43%
Moncofa
43%
Monóvar
43%
Montroy
43%
Museros
43%
Náquera
43%
Navajas
43%
Olocau
43%
Olocau del Rey
43%
Ondara
43%
Onil
43%
Ontinyent
43%
Oropesa del Mar
43%
Otos
43%
Palanques
43%
Pedreguer
43%
Peñíscola
43%
Petrer
43%
Picanya
43%
Picassent
43%
Puçol
43%
Rafal
43%
Rafelbunyol
43%
Real
43%
Rocafort
43%
Santa Magdalena de Pulpis
43%
Sedaví
43%
Segart
43%
Sempere
43%
Serra
43%
Sollana
43%
Sumacàrcer
43%
Teresa
43%
Teresa de Cofrentes
43%
Teulada
43%
Torralba del Pinar
43%
Torrella
43%
Tuéjar
43%
Vallada
43%
Vilafranca
43%
Villores
43%
Xeresa
43%
Xilxes
43%
Xixona
43%
Yátova
43%
Zorita del Maestrazgo
43%
Ador
29%
Agres
29%
Agullent
29%
Aigües
29%
Albocàsser
29%
Alborache
29%
Albuixech
29%
Alcàntera de Xúquer
29%
Alcosser
29%
Alcublas
29%
Alcudia de Veo
29%
Alfafara
29%
Alfarb
29%
Alfondeguilla
29%
Algar de Palància
29%
Algorfa
29%
Algueña
29%
Almedíjar
29%
Almiserà
29%
Almoines
29%
Almoradí
29%
Almudaina
29%
Alpuente
29%
Alquerías del Niño Perdido
29%
Anna
29%
Antella
29%
Arañuel
29%
Aras de los Olmos
29%
Ares del Maestrat
29%
Argelita
29%
Artana
29%
Aspe
29%
Atzeneta d'Albaida
29%
Atzeneta del Maestrat
29%
Ayódar
29%
Azuébar
29%
Balones
29%
Banyeres de Mariola
29%
Barx
29%
Barxeta
29%
Bejís
29%
Bèlgida
29%
Bellreguard
29%
Bellús
29%
Benafer
29%
Benafigos
29%
Benassal
29%
Benavites
29%
Beneixama
29%
Beneixida
29%
Benejúzar
29%
Benferri
29%
Beniarbeig
29%
Beniarjó
29%
Beniarrés
29%
Beniatjar
29%
Benicolet
29%
Benicull de Xúquer
29%
Benidoleig
29%
Benifairó de la Valldigna
29%
Benifairó de les Valls
29%
Benifallim
29%
Benifato
29%
Benigànim
29%
Benigembla
29%
Benijófar
29%
Benilloba
29%
Benillup
29%
Benimantell
29%
Benimarfull
29%
Benimassot
29%
Benimeli
29%
Benimodo
29%
Benimuslem
29%
Benissoda
29%
Benissuera
29%
Benlloc
29%
Biar
29%
Bicorp
29%
Bocairent
29%
Bolbaite
29%
Bolulla
29%
Bonrepòs i Mirambell
29%
Borriol
29%
Bufali
29%
Bugarra
29%
Busot
29%
Càlig
29%
Calles
29%
Callosa d'en Sarrià
29%
Callosa de Segura
29%
Campo de Mirra
29%
Cañada
29%
Carlet
29%
Carrícola
29%
Castellfort
29%
Castellnovo
29%
Castellonet de la Conquesta
29%
Castielfabib
29%
Catadau
29%
Catí
29%
Catral
29%
Cerdà
29%
Cervera del Maestre
29%
Chella
29%
Chera
29%
Chodos
29%
Chóvar
29%
Cirat
29%
Cocentaina
29%
Confrides
29%
Cortes de Arenoso
29%
Cortes de Pallás
29%
Costur
29%
Cotes
29%
Culla
29%
Daimús
29%
Daya Nueva
29%
Daya Vieja
29%
Dolores
29%
el Genovés
29%
el Palomar
29%
el Pinós
29%
els Poblets
29%
el Verger
29%
Emperador
29%
Eslida
29%
Espadilla
29%
Estubeny
29%
Fageca
29%
Famorca
29%
Fanzara
29%
Faura
29%
Favara
29%
Figueroles
29%
Finestrat
29%
Fontanars dels Alforins
29%
Formentera del Segura
29%
Fortaleny
29%
Fuentes de Ayódar
29%
Gaianes
29%
Gaibiel
29%
Gata de Gorgos
29%
Gátova
29%
Gavarda
29%
Geldo
29%
Gestalgar
29%
Godelleta
29%
Gorga
29%
Granja de Rocamora
29%
Guardamar de la Safor
29%
Guardamar del Segura
29%
Herbers
29%
Higueras
29%
Higueruelas
29%
Hondón de las Nieves
29%
Hondón de los Frailes
29%
Jacarilla
29%
Jalance
29%
Jarafuel
29%
Jérica
29%
la Granja de la Costera
29%
la Jana
29%
l'Alcora
29%
l'Alfàs del Pi
29%
la Salzadella
29%
la Serratella
29%
l'Atzúbia
29%
la Vilavella
29%
La Yesa
29%
les Coves de Vinromà
29%
Llanera de Ranes
29%
Llaurí
29%
Llíber
29%
Llombai
29%
Llutxent
29%
l'Olleria
29%
Lorcha
29%
Losa del Obispo
29%
Los Montesinos
29%
Lucena del Cid
29%
Ludiente
29%
Macastre
29%
Marines
29%
Massalavés
29%
Massalfassar
29%
Millares
29%
Miramar
29%
Moixent
29%
Monforte del Cid
29%
Montán
29%
Montanejos
29%
Montaverner
29%
Montesa
29%
Montichelvo
29%
Murla
29%
Muro de Alcoy
29%
Novetlè
29%
Orba
29%
Orxeta
29%
Palma de Gandía
29%
Palmera
29%
Pavías
29%
Pedralba
29%
Penàguila
29%
Petrés
29%
Pilar de la Horadada
29%
Piles
29%
Pina de Montalgrao
29%
Pinet
29%
Planes
29%
Polop
29%
Portell de Morella
29%
Potries
29%
Quart de les Valls
29%
Quartell
29%
Quatretonda
29%
Quatretondeta
29%
Quesa
29%
Rafelcofer
29%
Rafelguaraf
29%
Ráfol de Salem
29%
Redován
29%
Relleu
29%
Ribesalbes
29%
Riola
29%
Rossell
29%
Rotglà i Corberà
29%
Ròtova
29%
Sacañet
29%
Sagra
29%
Sanet y Negrals
29%
San Fulgencio
29%
San Isidro
29%
San Jorge
29%
San Miguel de Salinas
29%
San Rafael del Río
29%
Sant Joan d'Alacant
29%
Sant Joan de Moró
29%
Sant Joanet
29%
Sant Mateu
29%
Sella
29%
Sellent
29%
Senyera
29%
Sierra Engarcerán
29%
Simat de la Valldigna
29%
Sinarcas
29%
Soneja
29%
Sot de Chera
29%
Sot de Ferrer
29%
Sueras
29%
Tales
29%
Tàrbena
29%
Terrateig
29%
Tibi
29%
Tírig
29%
Titaguas
29%
Todolella
29%
Toga
29%
Tollos
29%
Tormos
29%
Torrebaja
29%
Torreblanca
29%
Torrechiva
29%
Torres Torres
29%
Tous
29%
Traiguera
29%
Turís
29%
Useras
29%
Vallanca
29%
Vallat
29%
Vallés
29%
Vallibona
29%
Vilafamés
29%
Vilamarxant
29%
Villahermosa del Río
29%
Villalonga
29%
Villamalur
29%
Vinalesa
29%
Vistabella del Maestrat
29%
Viver
29%
Xaló
29%
Xert
29%
Zarra
29%
Zucaina
29%
Aín
14%
Alcalalí
14%
Alcoleja
14%
Alfauir
14%
Benasau
14%
Beniardà
14%
Beniflá
14%
Benirredrà
14%
Bigastro
14%
Cox
14%
el Ràfol d'Almúnia
14%
el Real de Gandia
14%
Guadasséquies
14%
Guadassuar
14%
la Llosa de Ranes
14%
la Romana
14%
Matet
14%
Millena
14%
Parcent
14%
Polinyà de Xúquer
14%
Rojales
14%
Rugat
14%
Salem
14%
Senija
14%
Torás
14%
No se encontraron pruebas coincidentes
Distribución de puntuación
Porcentaje de gente con cada puntuación
Porcentaje por número respondido
Historial de tus puntuaciones
No has intentado esta prueba.